[Event "Birmingham"]
[Site "Birmingham"]
[Date "1972.03.25"]
[Round "1"]
[White "Clarke, Peter H"]
[Black "Miles, Anthony J"]
[Result "1/2-1/2"]
[WhiteElo "2380"]
[BlackElo "2240"]

1.d4 c5 2.d5 Nf6 3.Nc3 d6 4.e4 g6 5.Nf3 Bg7 6.Bb5+ Bd7 7.a4 Na6 8.O-O Nc7
9.Bxd7+ Qxd7 10.h3 O-O 11.Bf4 b5 12.Qd3 a6 13.Rfe1 c4 14.Qe3 b4 15.Ne2 Rfc8
16.Bh2 a5 17.Nfd4 Na6 18.b3 Nc5  1/2-1/2

[Event "Birmingham"]
[Site "Birmingham"]
[Date "1972.03.26"]
[Round "2"]
[White "Miles, Anthony J"]
[Black "Dunkelblum, Arthur"]
[Result "1/2-1/2"]
[WhiteElo "2240"]
[BlackElo "2250"]

1.e4 c5 2.c3 Nf6 3.e5 Nd5 4.d4 cxd4 5.Qxd4 e6 6.Bc4 Nb6 7.Bb3 Nc6 8.Qe4 d6
9.exd6 Bxd6 10.Nf3 Nd7 11.Qe2 O-O 12.O-O Nde5 13.Nbd2 Qc7 14.Nxe5 Bxe5 15.Nf3 Bf4
16.Re1 Bxc1 17.Raxc1 Qe7 18.Ne5 Nxe5 19.Qxe5 b6 20.Rcd1 Bb7 21.Rd4 Rac8 22.Red1 Rc5
23.Qe3 Bc6 24.Bc2 g6 25.f3 Qf6 26.Be4 Re5 27.Qd3 Bxe4 28.fxe4 Ra5 29.a3 Qe5
30.Rf1 Rc5 31.Rd8 Rc7  1/2-1/2

[Event "Birmingham"]
[Site "Birmingham"]
[Date "1972.03.27"]
[Round "3"]
[White "Borngaesser, Rene"]
[Black "Miles, Anthony J"]
[Result "1-0"]
[WhiteElo "2350"]
[BlackElo "2240"]

1.Nf3 g6 2.e4 d6 3.d4 Nf6 4.Bd3 Bg7 5.O-O O-O 6.Re1 Bg4 7.Nbd2 Nc6 8.h3 Bxf3
9.Nxf3 e5 10.d5 Ne7 11.g4 Qd7 12.Kh2 a6 13.c4 b5 14.cxb5 axb5 15.Qb3 Rfb8
16.Bd2 c6 17.dxc6 Qxc6 18.Rac1 Qb6 19.Re2 d5 20.Kg1 dxe4 21.Bxe4 Nxe4 22.Rxe4 Rd8
23.Bg5 Qb7 24.Rce1 h6 25.Nxe5 Bxe5 26.Rxe5 hxg5 27.Rxe7 Qd5 28.Re8+ Kh7 29.Qxd5  1-0

[Event "Birmingham"]
[Site "Birmingham"]
[Date "1972.03.31"]
[Round "6"]
[White "Basman, Michael J"]
[Black "Miles, Anthony J"]
[Result "1/2-1/2"]
[WhiteElo "2410"]
[BlackElo "2240"]

1.e4 Nf6 2.e5 Nd5 3.Nc3 Nxc3 4.dxc3 d6 5.Bc4 Nc6 6.Nf3 dxe5 7.Qe2 e6 8.Nxe5 Nxe5
9.Qxe5 Qd6 10.Qe4 Be7 11.Bf4 Qb6 12.O-O-O Bd7 13.Qf3 Bf6 14.Qh5 O-O-O 15.Be3 Qc6
16.Be2 g6 17.Qa5 a6 18.h4 h6 19.Bf3 Qb5 20.Qxb5 Bxb5 21.Rxd8+ Rxd8 22.g4 Bg7
23.g5 h5 24.Be4 Bc4 25.a3 Bd5 26.f3 Bxe4 27.fxe4 f5 28.gxf6 Bxf6 29.Rg1 Rg8
30.Bg5 Bxg5+ 31.Rxg5 Kd7 32.Kd2 Kd6 33.e5+ Ke7 34.Ke3 Kf7 35.Rg2 Kg7 36.Rf2 g5
37.hxg5 Kg6 38.Rf6+ Kxg5 39.Rxe6 Rg7 40.Rf6 h4 41.Rf1 Rh7 42.Ke4 Kg6 43.Kd5 h3
44.Ke6 h2 45.Rh1 b5 46.b3 Kg5 47.c4 bxc4 48.b4 c3 49.a4 Kf4 50.a5 Ke4 51.Kf6 Kd5
52.Rd1+ Ke4 53.Rh1 Kd5 54.Rd1+ Kc6 55.Rh1 Kd5 56.Rd1+  1/2-1/2

[Event "Birmingham"]
[Site "Birmingham"]
[Date "1972.04.02"]
[Round "8"]
[White "Miles, Anthony J"]
[Black "Clarke, Peter H"]
[Result "1/2-1/2"]
[WhiteElo "2240"]
[BlackElo "2380"]

1.e4 e5 2.Nc3 Nf6 3.Nf3 Nc6 4.d4 exd4 5.Nd5 Be7 6.Bf4 d6 7.Bb5 O-O 8.Qe2 a6
9.Ba4 Bd7 10.O-O-O Re8 11.Rhe1 h6 12.Bb3 Nxd5 13.Bxd5 Bf6 14.h3 Rb8 15.Qd2 Be5
16.Nxe5 dxe5 17.Bxh6 Be6 18.Bg5 Qd6 19.Bxe6 Rxe6 20.f4 exf4 21.Bxf4 Qe7 22.Kb1 Re8
23.Bg3 Rd8  1/2-1/2

[Event "Birmingham"]
[Site "Birmingham"]
[Date "1972.04.03"]
[Round "9"]
[White "Dunkelblum, Arthur"]
[Black "Miles, Anthony J"]
[Result "0-1"]
[WhiteElo "2250"]
[BlackElo "2240"]

1.c4 g6 2.Nf3 Bg7 3.d4 c5 4.Nc3 cxd4 5.Nxd4 Nc6 6.Nc2 Bxc3+ 7.bxc3 Qa5 8.Bd2 Nf6
9.f3 d6 10.e4 O-O 11.Ne3 Bd7 12.Be2 Rac8 13.O-O Ne5 14.Qb3 b6 15.Kh1 Qc5
16.Rfd1 Kg7 17.Rab1 h5 18.Qc2 h4 19.Bc1 Be6 20.Rb5 Qc7 21.Rd4 Rh8 22.f4 a6
23.Rb1 Nc6 24.Rd1 Na5 25.Rb4 Qc5 26.Nf1 Nxc4 27.Bxc4 Bxc4 28.Be3 Qh5 29.Bd4 h3
30.Ne3 hxg2+ 31.Qxg2 Be2 32.Nf5+ Kf8 33.Ng3 Qxh2+ 34.Qxh2 Rxh2+ 35.Kxh2 Bxd1
36.Bxf6 exf6 37.Rxb6 Ke7 38.Rxa6 Rxc3 39.Ra7+ Ke6 40.f5+ Ke5 41.Rxf7 Rc2+
42.Kg1 g5 43.Re7+ Kf4 44.Nf1 Bf3 45.Re6 g4 46.Rxf6 g3 47.Nxg3 Kxg3  0-1

[Event "Birmingham"]
[Site "Birmingham"]
[Date "1972.04.04"]
[Round "10"]
[White "Miles, Anthony J"]
[Black "Borngaesser, Rene"]
[Result "1/2-1/2"]
[WhiteElo "2240"]
[BlackElo "2350"]

1.d4 e6 2.c4 f5 3.g3 Nf6 4.Bg2 Be7 5.Nc3 O-O 6.Nf3 Ne4 7.O-O d5 8.Qc2 c6
9.b3 Nd7 10.Bb2 Qe8 11.Nxe4 dxe4 12.Ne5 Nxe5 13.dxe5 Bd7 14.c5 Qh5 15.Rad1 Rad8
16.Qc4 Bc8  1/2-1/2

[Event "Birmingham"]
[Site "Birmingham"]
[Date "1972.04.05"]
[Round "11"]
[White "Carleton, John J"]
[Black "Miles, Anthony J"]
[Result "1/2-1/2"]
[WhiteElo "2200"]
[BlackElo "2240"]

1.b3 e5 2.Bb2 Nc6 3.e3 d6 4.Nc3 g6 5.Nf3 Bg7 6.d4 exd4 7.Nd5 Bg4 8.Bb5 Ne7
9.Bxd4 Kf8 10.Bxg7+ Kxg7 11.Nxe7 Qxe7 12.Bxc6 bxc6 13.Qd4+ Qf6 14.Qxf6+ Kxf6
15.Nd4 Bd7 16.O-O-O Rhe8 17.Rhe1 Re7 18.h3 Rae8 19.Kb2 a5 20.Rd2 Kg7 21.Red1 Rb8
22.Ne2 a4 23.Nc3 axb3 24.cxb3 Re5 25.e4 Ra5 26.Kc2 Be6 27.Kd3 Rba8 28.Rc1 Rb8
29.Ne2 Bd7 30.g4 h5 31.f3 Rba8 32.Rcc2 hxg4 33.hxg4 Rh8 34.Ke3 Rh1 35.Rc1 Rxc1
36.Nxc1 Be6 37.Rc2 c5 38.Nd3 g5 39.Kd2 Ra8 40.Kc3 Rh8 41.a4 Rb8  1/2-1/2

[Event "Birmingham"]
[Site "Birmingham"]
[Date "1972.04.07"]
[Round "13"]
[White "Miles, Anthony J"]
[Black "Basman, Michael J"]
[Result "1/2-1/2"]
[WhiteElo "2240"]
[BlackElo "2410"]

1.e4 e6 2.d4 d5 3.Nc3 Bb4 4.e5 Bd7 5.Bd2 Nc6 6.Nf3 Qe7 7.Bd3 Ba5 8.O-O Bb6
9.Ne2 Nb4 10.Bxb4 Qxb4 11.b3 c5 12.a3 Qa5 13.c3 cxd4 14.cxd4 Bb5 15.Nc3 Qxc3
16.Bxb5+ Ke7 17.Rc1 Qa5 18.a4 Qb4 19.Qe1 Qxe1 20.Rfxe1 Nh6 21.Bd3 g6 22.b4 a5
23.Rb1 Ra7 24.Rec1 Nf5 25.bxa5 Bxa5 26.Kf1 Rd8 27.Ke2 h6 28.h4 Kf8 29.Rc2 Ne7  1/2-1/2

[Event "Birmingham"]
[Site "Birmingham"]
[Date "1972.04.07"]
[Round "14"]
[White "Corden, Martyn J"]
[Black "Miles, Anthony J"]
[Result "0-1"]
[WhiteElo "2360"]
[BlackElo "2240"]

1.e4 e5 2.Nf3 Nc6 3.Bb5 d6 4.d4 Bd7 5.d5 Nce7 6.Bxd7+ Qxd7 7.c4 g6 8.Nc3 Bg7
9.Be3 Nf6 10.h3 O-O 11.Qd2 a6 12.g4 b5 13.g5 Nxe4 14.Nxe4 Qf5 15.Nf6+ Bxf6
16.Nh4 Qe4 17.gxf6 Qxh1+ 18.Ke2 Qxa1 19.fxe7 Rfe8 20.Bg5 Qxa2 21.Ng2 Qxc4+
22.Kd1 Qe4  0-1

[Event "BCF-ch"]
[Site "Brighton"]
[Date "1972.08.19"]
[Round "6"]
[White "Miles, Anthony J"]
[Black "Basman, Michael J"]
[Result "1-0"]
[WhiteElo "2285"]
[BlackElo "2385"]

1.e4 e6 2.d4 d5 3.Nc3 Bb4 4.e5 Bd7 5.Bd2 a6 6.Bd3 Bf8 7.Qg4 Nc6 8.Rc1 f5
9.Qf4 g5 10.Qg3 h6 11.h4 Qe7 12.hxg5 O-O-O 13.Nf3 Qg7 14.Qh2 Nb4 15.a3 Nxd3+
16.cxd3 Qf7 17.Qg3 f4 18.Qxf4 Qh7 19.Ke2 Be8 20.Qxf8 Bb5 21.Nxb5 Rxf8 22.Rxc7+ Qxc7
23.Nxc7 Kxc7 24.gxh6 Kd7 25.Rh5 Ne7 26.Nh4 Rfg8 27.Bg5 Rh7 28.g4 Nc6 29.Ke3 Ke8
30.f4 Kf7 31.f5 Nb8 32.Nf3 Nd7 33.Kf4 Rgh8 34.Kg3 Rg8 35.Kh4 Ke8 36.Bd2 exf5
37.Ng5 Rxg5 38.Kxg5 fxg4 39.Kxg4 Kf7 40.Kf5 Nf8 41.Rh4 Ne6 42.Rg4 Ke7 43.Bg5+ Kf7
44.Be3 Nf8 45.Rg7+ Rxg7 46.hxg7 Kxg7 47.e6 Nh7 48.Bh6+  1-0

[Event "BCF-ch"]
[Site "Brighton"]
[Date "1972.08.21"]
[Round "7"]
[White "Bellin, Robert"]
[Black "Miles, Anthony J"]
[Result "1/2-1/2"]
[WhiteElo "2315"]
[BlackElo "2285"]

1.e4 e5 2.Nf3 Nf6 3.Nxe5 d6 4.Nf3 Nxe4 5.Qe2 Qe7 6.d3 Nf6 7.Bg5 Nbd7 8.Nc3 Qxe2+
9.Bxe2 h6 10.Bh4 g6 11.O-O-O Bg7 12.Rhe1 O-O 13.Nd2 Nb6 14.Bg3 Nfd5 15.Nxd5 Nxd5
16.Bf3 Be6 17.d4 b5  1/2-1/2

[Event "BCF-ch"]
[Site "Eastbourne"]
[Date "1973.??.??"]
[Round "1"]
[White "Clarke, Peter H"]
[Black "Miles, Anthony J"]
[Result "0-1"]
[WhiteElo "2360"]
[BlackElo "2375"]

1.Nf3 g6 2.g3 c5 3.Bg2 Bg7 4.O-O Nc6 5.e4 d6 6.c3 e5 7.d3 Nge7 8.Nbd2 O-O
9.a3 h6 10.b4 a6 11.Rb1 Be6 12.Qe2 b5 13.Rd1 Rb8 14.Nf1 cxb4 15.axb4 a5 16.Be3 axb4
17.cxb4 d5 18.Bc5 d4 19.Qb2 Ra8 20.Ra1 Qd7 21.Rxa8 Rxa8 22.Ra1 Qb7 23.Ra3 Nc8
24.N1d2 Rxa3 25.Qxa3 Nb6 26.Nb3 Na4 27.Bd6 Qd7 28.Bc5 Qc7 29.Nfd2 Nb8 30.h4 Nd7
31.Kh2 Bf8 32.Bh3 Bxh3 33.Kxh3 Ndxc5 34.bxc5 Bxc5 35.Qc1 Bd6 36.Qxc7 Bxc7
37.h5 Bd6 38.hxg6 fxg6 39.Kg4 Kf7 40.f4 Nb2 41.Nc1 h5+ 42.Kf3 Ke6 43.Ndb3 Bf8
44.Na5 Bg7 45.Nc6 Kd6 46.Nb4 Na4 47.Nd5 Nc5 48.Nb4 Ne6 49.Nd5 g5 50.fxg5 Nxg5+
51.Ke2 Ne6 52.Nb3 Nc7 53.Nxc7 Kxc7 54.Nd2 Kb6 55.Kd1 Ka5 56.Kc2 Ka4 57.Kb2 Bf8
58.Nf3 Ba3+ 59.Ka2 Bd6 60.Kb2 Kb4 61.Ng5 Be7 62.Nf3 Bf6 63.Nd2 Kc5 64.Nf3 Kd6
65.Kb3 Be7 66.Kb4 Kc6+ 67.Kb3 Bd6 68.Kc2 Kd7 69.Kd1 Ke6 70.Nd2 Kf6 71.Ke2 Be7
72.Nf3 Bb4 73.Kd1 Bf8 74.Nd2 Bh6 75.Nb3 Kg5 76.Ke2 Kg4 77.Kf2 Kh3 78.Na5 b4  0-1

[Event "BCF-ch"]
[Site "Eastbourne"]
[Date "1973.??.??"]
[Round "7"]
[White "Miles, Anthony J"]
[Black "Basman, Michael J"]
[Result "1/2-1/2"]
[WhiteElo "2375"]
[BlackElo "2385"]

1.Nf3 c5 2.g3 f5 3.Bg2 g6 4.c4 Bg7 5.Nc3 Nc6 6.d3 Nh6 7.h4 Nf7 8.h5 e6 9.hxg6 hxg6
10.Rxh8+ Bxh8 11.Be3 Nd4 12.Qd2 Bf6 13.Rb1 d6 14.b4 Kf8 15.bxc5 dxc5 16.Na4 Qc7
17.Kf1 Kg7 18.Ng5 Rb8 19.Nxf7 Kxf7 20.Bg5 Bd7 21.Bxf6 Kxf6 22.Nc3 g5 23.e3 Nc6
24.Nb5 Qd8 25.Ke2 Kg6 26.Nc3  1/2-1/2

[Event "BCF-ch"]
[Site "Eastbourne"]
[Date "1973.??.??"]
[Round "8"]
[White "Whiteley, Andrew J"]
[Black "Miles, Anthony J"]
[Result "1-0"]
[WhiteElo "2340"]
[BlackElo "2375"]

1.d4 d5 2.c4 dxc4 3.Nf3 Nf6 4.Nc3 a6 5.e4 b5 6.e5 Nd5 7.a4 Nxc3 8.bxc3 Bb7
9.e6 f6 10.Be2 Qd5 11.O-O Qxe6 12.Re1 Qd7 13.Nh4 Bd5 14.Bg4 e6 15.Bxe6 Bxe6
16.d5 Be7 17.Rxe6 O-O 18.axb5 f5 19.Nf3 Bf6 20.bxa6 Qb5 21.a7 Nd7 22.Ba3 Rf7
23.Bb4 Nf8 24.Re1 Qb7 25.Ne5 Bxe5 26.Rxe5 Ng6 27.Re1 Nf4 28.Qa4 Qxd5 29.Re8+ Rf8
30.Rxf8+ Rxf8 31.a8=Q  1-0

[Event "BCF-ch"]
[Site "Eastbourne"]
[Date "1973.??.??"]
[Round "9"]
[White "Miles, Anthony J"]
[Black "McKay, Roderick M"]
[Result "1-0"]
[WhiteElo "2375"]
[BlackElo "2330"]

1.Nf3 d6 2.g3 e5 3.Bg2 Be7 4.c4 c6 5.Nc3 f5 6.d3 Nf6 7.c5 Na6 8.cxd6 Bxd6
9.O-O O-O 10.a3 Qe8 11.b4 Nc7 12.Bb2 Kh8 13.e4 fxe4 14.Nxe4 Nxe4 15.dxe4 Qe7
16.Qd2 Bg4 17.Nh4 Nb5 18.h3 Be6 19.Rad1 a5 20.bxa5 Bxa3 21.Bxe5 Bb3 22.Ba1 Rad8
23.Qh6 Qf7 24.Rxd8 Rxd8 25.Nf5 Bf8 26.Bf3 Nd4 27.Qf4 Nxf3+ 28.Qxf3 Rd7 29.h4 h5
30.Qe3 Be6 31.Nxg7 Kh7 32.Nxe6 Qxe6 33.Qf3  1-0

[Event "BCF-ch"]
[Site "Eastbourne"]
[Date "1973.??.??"]
[Round "11"]
[White "Pritchett, Craig William"]
[Black "Miles, Anthony J"]
[Result "0-1"]
[WhiteElo "2350"]
[BlackElo "2375"]

1.e4 c5 2.Nf3 d6 3.d4 cxd4 4.Nxd4 Nf6 5.Nc3 g6 6.Be3 Bg7 7.f3 O-O 8.Qd2 Nc6
9.Bc4 Bd7 10.h4 Qc7 11.Bb3 Na5 12.h5 Nc4 13.Bxc4 Qxc4 14.hxg6 fxg6 15.O-O-O Rfc8
16.Kb1 b5 17.g4 b4 18.Nd5 Nxd5 19.exd5 Qxd5 20.Qh2 Qe5 21.Qxh7+ Kf7 22.Bh6 Rh8
23.Bxg7 Qxg7 24.Qxg7+ Kxg7 25.Rxh8 Rxh8 26.a3 bxa3 27.bxa3 Rh2 28.Kb2 Kf6
29.Kc3 Rf2 30.Kd3 e5 31.Ke3 Rh2 32.Ne2 Ke6 33.c4 Bc6 34.Rc1 Kd7 35.Rb1 Rh3
36.Ng1 Rh1 37.Kf2 Rh2+ 38.Ke3 Rc2 39.Ne2 Rxc4 40.Rb8 Ra4 41.Rb3 d5 42.Kd2 d4
43.f4 e4 44.f5 gxf5 45.gxf5 Kd6 46.f6 Bd5 47.Rb8 Rxa3 48.Nf4 e3+ 49.Kc1 Ra1+
50.Kb2 e2 51.Rd8+ Kc7 52.Re8 e1=Q 53.Nxd5+ Kd6 54.f7 Qb1+  0-1

[Event "Staffordshire op"]
[Site "Staffordshire"]
[Date "1973.??.??"]
[Round "3"]
[White "Miles, Anthony J"]
[Black "Williams, A Howard"]
[Result "1/2-1/2"]
[WhiteElo "2285"]
[BlackElo "2390"]

1.e4 Nf6 2.e5 Nd5 3.d4 d6 4.Nf3 Bg4 5.Be2 e6 6.O-O Be7 7.c4 Nb6 8.exd6 cxd6
9.Nc3 O-O 10.h3 Bh5 11.Bf4 a6 12.b3 d5 13.c5 Bxf3 14.Bxf3 Nc8 15.b4  1/2-1/2

[Event "Birmingham International"]
[Site "Birmingham"]
[Date "1974.04.10"]
[Round "2"]
[White "Miles, Anthony J"]
[Black "Gasic, Bozidar"]
[Result "1-0"]
[WhiteElo "2375"]
[BlackElo "2390"]

1.Nf3 Nf6 2.g3 g6 3.b3 Bg7 4.Bb2 O-O 5.Bg2 a5 6.O-O d5 7.c4 c6 8.Qc2 Na6
9.d3 Nb4 10.Qc1 dxc4 11.bxc4 Bf5 12.a3 Na6 13.Nbd2 Nc5 14.Bd4 Ncd7 15.Rb1 Qc7
16.Qb2 Rfb8 17.Rfc1 Ne8 18.Bxg7 Nxg7 19.Nd4 e5 20.Nxf5 Nxf5 21.c5 Nd4 22.Nb3 Nxb3
23.Qxb3 a4 24.Qb4 Ra5 25.d4 exd4 26.Qxd4 Nf8 27.Rb6 Re8 28.Qb4 Ra7 29.e3 Re7
30.Rb1 Qe5 31.Bh3 f5 32.Bf1 Ne6 33.Bc4 Kg7 34.Bxe6 Qxe6 35.Qd4+ Kg8 36.Rd1 Ra8
37.Rb4 Rae8 38.Rxa4 Qf7 39.Qb2 Rd7 40.Rad4 Red8 41.Rd6 Rxd6 42.Rxd6 Re8 43.a4 Rf8
44.h4 Qg7 45.Qb3+ Qf7 46.Qc3 Qg7 47.Qc4+ Qf7 48.Qd4 Re8 49.a5 Re4 50.Qb2 Re8
51.a6 bxa6 52.Rxc6 f4 53.Rf6 Qd5 54.Rxf4 Qxc5 55.Qa2+ Kh8 56.Qxa6 Rc8 57.Qf6+ Kg8  1-0

[Event "Birmingham International"]
[Site "Birmingham"]
[Date "1974.04.11"]
[Round "3"]
[White "De Veauce, Louis"]
[Black "Miles, Anthony J"]
[Result "0-1"]
[WhiteElo "2200"]
[BlackElo "2375"]

1.e3 g6 2.Nf3 Bg7 3.d4 Nf6 4.b4 d6 5.Bb2 O-O 6.Be2 e5 7.O-O e4 8.Nfd2 Re8
9.c4 h5 10.Nc3 Bf5 11.Nb3 Nbd7 12.c5 dxc5 13.dxc5 Bg4 14.Bxg4 hxg4 15.Na5 Qe7
16.Nxb7 Rab8 17.Na5 Ne5 18.Ne2 Nfd7 19.Kh1 Qh4 20.Qd4 Bf6 21.g3 Qh7 22.h4 g5
23.Nf4 gxf4 24.exf4 Nd3 25.Qxd7 Bxb2 26.Rab1 f5 27.Qa4 Bf6 28.Nc6 Ra8 29.Nxa7 Qf7
30.b5 Qd5 31.b6 e3+ 32.Kg1 e2 33.Rfe1 Bd4 34.b7 Bxf2+ 35.Kh2 Bxg3+ 36.Kxg3 Qf3+
37.Kh2 g3+ 38.Kh3 Nf2+  0-1

[Event "Birmingham International"]
[Site "Birmingham"]
[Date "1974.04.13"]
[Round "5"]
[White "Kirov, Nino"]
[Black "Miles, Anthony J"]
[Result "0-1"]
[WhiteElo "2420"]
[BlackElo "2375"]

1.Nf3 g6 2.c4 Bg7 3.d4 Nf6 4.g3 O-O 5.Bg2 c6 6.O-O d5 7.Ne5 Ng4 8.cxd5 cxd5
9.Qb3 Nxe5 10.dxe5 Nc6 11.Rd1 d4 12.f4 Qc7 13.Nd2 Be6 14.Qa3 Qb6 15.Ne4 Bg4
16.Qc5 Bxe2 17.Rd2 d3 18.b4 Rfd8 19.Bb2 Nxb4 20.Qxb6 axb6 21.Nc3 Bg4 22.Bxb7 Ra7
23.Be4 Bf5 24.Bxf5 gxf5 25.Rad1 Rad7 26.Na4 b5 27.Nc3 e6 28.Nxb5 Bf8 29.Ba3 Rd5
30.Nd6 Bxd6 31.exd6 Nc2 32.Bb2 R5xd6 33.Be5 R6d7 34.Kf2 h5 35.h3 Kh7 36.Rg1 Kg6
37.g4 hxg4 38.hxg4 f6 39.Bc3 Rc7 40.Bb2 Rb7 41.Bc3 Rc7 42.Bb2 Rh7 43.Kg3 Ne3
44.gxf5+ Kxf5 45.Rc1 Ke4 46.Rc6 Rg7+ 47.Kf2 Rg2+ 48.Ke1 Rg1+ 49.Kf2 Rf1+
50.Kg3 Rf3+  0-1

[Event "Birmingham International"]
[Site "Birmingham"]
[Date "1974.04.15"]
[Round "6"]
[White "Miles, Anthony J"]
[Black "Corden, Martyn J"]
[Result "1-0"]
[WhiteElo "2375"]
[BlackElo "2275"]

1.g3 f5 2.Bg2 Nf6 3.c4 d6 4.Nc3 e5 5.d3 Be7 6.Rb1 O-O 7.b4 Nc6 8.b5 Nd4 9.e3 Ne6
10.Nge2 Qe8 11.f4 g5 12.O-O Qg6 13.Qd2 Rf7 14.Bb2 gxf4 15.exf4 exf4 16.Nxf4 Nxf4
17.Qxf4 Nh5 18.Qf2 f4 19.Nd5 Bf8 20.Rbe1 Be6 21.Rxe6 Qxe6 22.Nxc7 Rxc7 23.Bd5 Qxd5
24.cxd5 fxg3 25.Qe2 Bg7 26.Qe6+ Kh8 27.Qxd6 gxh2+ 28.Kh1 Rcc8 29.Bxg7+ Nxg7
30.Rf7 Rc1+ 31.Kxh2 Rc2+ 32.Kh3 Rg8 33.Rf8 Rc8 34.Rxc8 Rxc8 35.Qf6 Kg8 36.d6 Rf8
37.Qg5 Rf3+ 38.Kg2 Rxd3 39.Qd8+ Kf7 40.Qe7+ Kg6  1-0

[Event "Birmingham International"]
[Site "Birmingham"]
[Date "1974.04.16"]
[Round "7"]
[White "Popov, Luben"]
[Black "Miles, Anthony J"]
[Result "1/2-1/2"]
[WhiteElo "2470"]
[BlackElo "2375"]

1.d4 Nf6 2.c4 e6 3.Nf3 c5 4.d5 exd5 5.cxd5 d6 6.Nc3 g6 7.Nd2 Bg7 8.Nc4 O-O
9.Bg5 h6 10.Bh4 Qd7 11.a4 b6 12.e3 Na6 13.Bg3 Nb4 14.Nxd6 Nh5 15.Bb5 Qd8
16.Nxc8 Rxc8 17.Bc4 Nxg3 18.hxg3 Qg5 19.Qb3 Rcd8 20.Rd1 h5 21.O-O h4 22.gxh4 Qxh4
23.g3 Qh3 24.Rfe1 Be5 25.Bf1 Qf5 26.Bg2 g5 27.Qc4 Kg7 28.Qe4 Qxe4 29.Bxe4 Bxc3
30.bxc3 Na2 31.Rd3 c4 32.Rd4 Nxc3 33.Rxc4 Nxe4 34.Rxe4 Rxd5 35.Rc1 Rfd8 36.g4  1/2-1/2

[Event "Birmingham International"]
[Site "Birmingham"]
[Date "1974.04.18"]
[Round "9"]
[White "Miles, Anthony J"]
[Black "Wade, Robert Graham"]
[Result "1-0"]
[WhiteElo "2375"]
[BlackElo "2365"]

1.e4 c6 2.Nc3 d5 3.Nf3 Bg4 4.h3 Bxf3 5.Qxf3 Nf6 6.d4 dxe4 7.Qe3 Nbd7 8.Nxe4 Nxe4
9.Qxe4 Nf6 10.Qd3 e6 11.Be2 Bd6 12.O-O Qc7 13.c4 Rd8 14.Qe3 O-O 15.b3 c5
16.dxc5 Bxc5 17.Qf3 Bd4 18.Rb1 e5 19.b4 e4 20.Qb3 b6 21.Rd1 Qe5 22.Be3 h6
23.Bxd4 Rxd4 24.Rxd4 Qxd4 25.Rd1 Qe5 26.Qe3 Rc8 27.a3 Qb2 28.Bf1 Re8 29.Rd6 Qa1
30.g3 Rc8 31.Kg2 Qe5 32.Rd4 Qc7 33.Be2 a5 34.Qd2 axb4 35.axb4 Re8 36.Qe3 Qe7
37.Qc3 h5 38.c5 bxc5 39.Qxc5 Qb7 40.Qb5 Qa7 41.Rd6 Rb8 42.Qa5 Qe7 43.Rb6 Rxb6
44.Qxb6 e3 45.Qc5 Qd7 46.fxe3 Ne4 47.Qb5 Qe7 48.Bxh5 Nc3 49.Qc4 Na4 50.Qc8+ Kh7
51.Qc2+ g6 52.Qxa4 gxh5 53.Qc2+ Kh6 54.Qc6+ f6 55.Kf3 h4 56.Qe4  1-0

[Event "Birmingham International"]
[Site "Birmingham"]
[Date "1974.04.21"]
[Round "11"]
[White "Miles, Anthony J"]
[Black "Tringov, Georgi P"]
[Result "0-1"]
[WhiteElo "2375"]
[BlackElo "2450"]

1.g3 g6 2.Bg2 Bg7 3.c4 e5 4.Nc3 c5 5.a3 a5 6.e3 Nc6 7.Nge2 Nge7 8.d4 cxd4
9.exd4 Nxd4 10.Nxd4 exd4 11.Nb5 O-O 12.Bf4 Nf5 13.g4 Nh4 14.Bd5 d6 15.Nxd6 Be6
16.O-O Bxd5 17.cxd5 Ra6 18.Ne4 Qxd5 19.Bg3 f5 20.Bxh4 fxe4 21.Rc1 Rc6 22.Qd2 d3
23.Rxc6 bxc6 24.Bg3 Bd4 25.Re1 a4 26.Qb4 e3 27.fxe3 Bxe3+ 28.Rxe3 d2  0-1

[Event "Hastings 7475"]
[Site "Hastings"]
[Date "1974.??.??"]
[Round "1"]
[White "Hartston, William R"]
[Black "Miles, Anthony J"]
[Result "1/2-1/2"]
[WhiteElo "2480"]
[BlackElo "2410"]

1.e4 c5 2.Nf3 d6 3.d4 cxd4 4.Nxd4 Nf6 5.Nc3 g6 6.Be2 Bg7 7.Be3 Nc6 8.h4 h5
9.f3 O-O 10.Qd2 d5 11.Nxc6 bxc6 12.e5 Ne8 13.f4 f6 14.g4 fxe5 15.fxe5 Bxe5
16.O-O-O Qd6 17.gxh5 Rb8 18.b3 Bf5 19.Bd3 Bg4 20.Bxg6 Qb4 21.Nb1 Bxd1 22.Qxb4 Rxb4
23.Kxd1 Rg4 24.Bxa7 Nd6 25.a4 Bd4 26.Bxd4 Rxd4+ 27.Kc1 Rdf4 28.Bd3 e5 29.Rg1+ Kf7
30.a5 e4 31.Be2 Nf5 32.Nc3 Nd4 33.Rd1 e3 34.Bd3 Ne6 35.Re1 d4 36.Ne4 Ke7
37.c3 c5 38.h6 Rxh4 39.h7 Rc8 40.Ng3 Rh2 41.Nf5+ Kf6 42.Rf1 Rf2 43.Rxf2 exf2
44.Ng3 Kg7 45.Kd2 Nf4 46.Bf1 dxc3+ 47.Kxc3 Re8 48.a6 Kxh7 49.Kc4 Rb8 50.Nh1  1/2-1/2

[Event "Zetters"]
[Site "Birmingham"]
[Date "1975.03.27"]
[Round "1"]
[White "Bisguier, Arthur Bernard"]
[Black "Miles, Anthony J"]
[Result "1/2-1/2"]
[WhiteElo "2445"]
[BlackElo "2435"]

1.e4 c5 2.Nf3 Nc6 3.Bb5 Qb6 4.c4 g6 5.Nc3 Nd4 6.O-O Bg7 7.d3 e6 8.Nxd4 cxd4
9.Ne2 Ne7 10.a4 a5 11.b3 Nc6 12.Ba3 Nb4 13.Qd2 Qc5 14.Nc1 Bf8 15.Na2 b6 16.f4 Bb7
17.Nxb4 axb4 18.Bb2 Bh6 19.Qf2 e5 20.Qh4 Bg7 21.fxe5 Bxe5 22.Bc1 f6 23.Bd2 Qe7
24.Bf4 Bc6 25.Bxc6 dxc6 26.Bxe5 fxe5 27.Qf6 Kd7 28.c5 bxc5 29.Rac1 Rhf8 30.Qxe7+ Kxe7
31.Rxc5 Rxf1+ 32.Kxf1 Kd6 33.Rc1 Rf8+ 34.Ke2 c5 35.h4 h6 36.Ra1 Kc6 37.g3 Rf6
38.Rf1 Rxf1  1/2-1/2

[Event "Zetters"]
[Site "Birmingham"]
[Date "1975.04.02"]
[Round "6"]
[White "Miles, Anthony J"]
[Black "Gasic, Bozidar"]
[Result "1/2-1/2"]
[WhiteElo "2435"]
[BlackElo "2365"]

1.Nf3 g6 2.e4 Bg7 3.d4 d6 4.Be2 Nd7 5.O-O e5 6.dxe5 dxe5 7.Nc3 Ngf6 8.Be3 O-O
9.Bc4 c6 10.a4 Qe7 11.Re1 Nc5 12.Bg5 h6 13.Bh4 Rd8 14.Qc1 Bg4 15.Qe3 Bxf3
16.Qxf3 Rd2 17.Re2 Rad8 18.Rae1 Rxe2 19.Qxe2 Ne6 20.Bxe6 Qxe6 21.f3 Bf8 22.Bf2 a6
23.Rd1 Rxd1+ 24.Qxd1 Qd7 25.Kf1 b5 26.Ke2 Bb4 27.Qd3 Qxd3+ 28.Kxd3 Nd7 29.axb5 axb5
30.Na2 Bd6 31.c4 bxc4+ 32.Kxc4 f5 33.Be3 h5 34.Nc3 Kf7 35.Na4 fxe4 36.fxe4 Nf6
37.Nc5 Ke8 38.Bg5 Bxc5 39.Bxf6 Bd4 40.b3 Kd7 41.Bg5 Bg1 42.h3 Bb6 43.Bd2 Ke6
44.Bb4 Ba7 45.Bc5 Bb8 46.Kb4 Bc7 47.Be3 Kd6 48.Ba7 Kd7 49.Kc5 Bd6+ 50.Kb6 Ba3
51.Bb8 Bb2 52.Kc5 Bd4+ 53.Kc4 Ke6 54.Bc7 Be3 55.Ba5 Ba7 56.Bb4 Bb6 57.Bc5 Bc7
58.Kb4 Kd7 59.Bf2 Kd6 60.Bg1 Kd7  1/2-1/2

[Event "Zetters"]
[Site "Birmingham"]
[Date "1975.04.03"]
[Round "7"]
[White "Damjanovic, Mato"]
[Black "Miles, Anthony J"]
[Result "1/2-1/2"]
[WhiteElo "2455"]
[BlackElo "2435"]

1.e4 d6 2.d4 Nf6 3.Nc3 g6 4.Be2 Bg7 5.Nf3 O-O 6.O-O c6 7.a4 Qc7 8.Be3 e5
9.dxe5 dxe5 10.Qc1 Nh5 11.Bc4 Nd7 12.a5 Re8 13.Ng5 Re7 14.Rd1 h6 15.Nf3 Kh7
16.Qd2 Nf8 17.Bc5 Rd7 18.Qe3 Rxd1+ 19.Rxd1 Ne6 20.Bxe6 Bxe6 21.b4 Qb8 22.Bd6 Qh8
23.Bc5 Qb8 24.Bd6 Qh8 25.Bc5  1/2-1/2

[Event "Zetters"]
[Site "Birmingham"]
[Date "1975.04.04"]
[Round "8"]
[White "Miles, Anthony J"]
[Black "Mestel, A Jonathan"]
[Result "1/2-1/2"]
[WhiteElo "2435"]
[BlackElo "2290"]

1.Nf3 Nc6 2.d4 d6 3.e4 Bg4 4.Be3 Nf6 5.h3 Bh5 6.Nc3 e6 7.g4 Bg6 8.d5 exd5
9.exd5 Nb4 10.Bb5+ c6 11.dxc6 Nxc6 12.Nd4 Rc8 13.f4 Be4 14.O-O d5 15.g5 Nd7
16.Bxc6 bxc6 17.Nxe4 dxe4 18.Nf5 Qa5 19.Nd6+ Bxd6 20.Qxd6 Qf5 21.Kh2 h6 22.g6 Qxg6
23.Qa3 c5 24.Rg1 Qf6 25.Rad1 Nb6 26.Bxc5 Qxf4+ 27.Kh1 Rxc5 28.Qxc5 Qf3+ 29.Kh2 Qe2+
30.Kh1 Qf3+ 31.Kh2 Qe2+ 32.Kh1  1/2-1/2

[Event "Zetters"]
[Site "Birmingham"]
[Date "1975.04.10"]
[Round "13"]
[White "Miles, Anthony J"]
[Black "Matera, Salvatore"]
[Result "1-0"]
[WhiteElo "2435"]
[BlackElo "2385"]

1.Nf3 g6 2.e4 Bg7 3.d4 d6 4.Nc3 Nf6 5.Be2 O-O 6.O-O c6 7.a4 a5 8.h3 Na6 9.Be3 Nb4
10.Qc1 d5 11.e5 Ne8 12.Nb1 Bf5 13.Ne1 c5 14.c3 cxd4 15.cxd4 f6 16.f4 Rc8
17.Nc3 Nc7 18.Bf3 Nd3 19.Qd2 Nxe1 20.Raxe1 Be6 21.Qd1 Na6 22.exf6 exf6 23.Bd2 Bf7
24.Qb3 Nb4 25.Nb5 Nc6 26.f5 Qd7 27.Bg4 g5 28.Qf3 Rce8 29.h4 gxh4 30.Bh5 Bxh5
31.Qxh5 Re4 32.Rxe4 dxe4 33.Be3 Ne7 34.Rf4 Rc8 35.Nc3 Nd5 36.Nxd5 Qxd5 37.Rxh4 Kf8
38.Qxh7 Qg8 39.Qxg8+ Kxg8 40.Rxe4  1-0